¿Cómo acompañar a sobrevivientes?: manual de intervención en crisis /

保存先:
書誌詳細
第一著者: Brenson Lazán, Gilberto
その他の著者: Consuelo Ruiz, Brenda
フォーマット: テキスト
出版事項: Managua: CEPAD
主題:
タグ: タグ追加
タグなし, このレコードへの初めてのタグを付けませんか!

MARC

LEADER 00000 a a2200000 04500
001 35223
003
040
090 |a 1002 B842c  
100 |a Brenson Lazán, Gilberto  
245 |a ¿Cómo acompañar a sobrevivientes?: manual de intervención en crisis /  |c Gilberto Brenson Lazán 
260 |a Managua:   |b CEPAD  
300 |a 57 p.  
650 |a ATENCION PSICOLOGICA  
650 |a DESASTRES NATURALES  
650 |a CRISIS  
650 |a CRISTIANISMO  
650 |a ASPECTOS PSICOLOGICOS  
700 |a Consuelo Ruiz, Brenda  
999 |c 10774  |d 10774